Enzymatic pretreatment for the enhancement of beetroot drying process (Registro n. 300082)
[ somente texto ]
| 000 -LÍDER | |
|---|---|
| fixed length control field | 03961nab a2200313 i 4500 |
| 003 - CÓDIGO MARC DA AGÊNCIA CATALOGADORA | |
| Campo de controle | BR-BrBNA |
| 005 - DATA E HORA DA ÚLTIMA ATUALIZAÇÃO | |
| Campo de controle | 20240617101756.0 |
| 008 - CAMPO DE TAMANHO FIXO | |
| fixed length control field | 240617b2023 bl.ar|pooa||| 00| 0 eng | |
| 040 ## - FONTE DA CATALOGAÇÃO | |
| Agência catalogadora | BR-BrBNA |
| Idioma da catalogação | eng |
| 072 ## - CATEGORIA AGRIS | |
| Código AGRIS | Q02 |
| Código do objeto | 1520 |
| 100 ## - ENTRADA PRINCIPAL - NOME PESSOAL | |
| Nome pessoal | Graciola, Keli Cristina |
| 100 ## - ENTRADA PRINCIPAL - NOME PESSOAL | |
| Nome pessoal | Costa, Bruna Roos |
| 100 ## - ENTRADA PRINCIPAL - NOME PESSOAL | |
| Nome pessoal | Sant’Anna, Voltaire |
| 100 ## - ENTRADA PRINCIPAL - NOME PESSOAL | |
| Nome pessoal | Klein, Manuela Poletto |
| 100 ## - ENTRADA PRINCIPAL - NOME PESSOAL | |
| Nome pessoal | Moraes, Kelly de |
| 245 ## - TÍTULO PRINCIPAL | |
| Título principal | Enzymatic pretreatment for the enhancement of beetroot drying process |
| 500 ## - NOTA GERAL | |
| Nota geral | Publicação on-line; 30 ref.; 4 tables; 3 illus.; Summaries (En, Pt) |
| 942 ## - ADDED ENTRY ELEMENTS (KOHA) | |
| Koha item type | |
| 520 ## - NOTA DE RESUMO | |
| Nota de conteúdo | <br/><br/>Abstract – The objective of this work was to evaluate the use of cellulase and pectinase as pretreatments for the drying of beetroot (Beta vulgaris).<br/>The experiment consisted of slices of beetroots subjected to four different treatments before the drying procedure, as follows: no wet pretreatment; wet<br/>pretreatment without enzymes; pectinase solution pretreatment; and cellulase solution pretreatment. Treatments were compared for drying rates, color<br/>change, content of betalains, and plant tissue structure. A modified Page model was used to describe the drying process. The enzymatic pretreatments<br/>did not improve the drying kinetics, although they changed the plant tissue structure. A negative influence on the drying was observed when pectinase<br/>was used; however, no effect was observed when cellulase was used. Slices treated with cellulase remained unchanged for color. Slices treated with<br/>pectinase showed significant changes of color, in comparison with the control treatments. The enzymatic pretreatments studied did not change the betalain<br/>concentrations and showed similar drying performance in the comparison with control treatments. Cellulase pretreatment is promising because it does<br/>not change the beetroot color or the betalain concentration. <br/><br/>Index terms: pectinase, cellulase, dehydration, enzyme, pigment |
| 520 ## - NOTA DE RESUMO | |
| Nota de conteúdo | <br/><br/>Resumo – O objetivo deste trabalho foi avaliar o uso de celulase e pectinase como pré-tratamentos para a secagem de beterraba (Beta vulgaris). O experimento consistiu de fatias de beterraba submetidas a quatro diferentes tratamentos, antes do procedimento de secagem, conforme a seguir: prétratamento sem água; pré-tratamento com água, sem enzimas; pré-tratamento com solução de pectinase; e pré-tratamento com solução de celulase. Os tratamentos foram comparados quanto às taxas de secagem, mudança de cor, teor de betalaínas e estrutura do tecido vegetal. Um modelo Page modificado foi usado para descrever o processo de secagem. Os pré-tratamentos enzimáticos não melhoraram a cinética de secagem, embora tenham alterado a estrutura do tecido vegetal. Observou-se influência negativa sobre a secagem, quando a pectinase foi usada; no entanto, nenhum efeito foi observado quando a celulose foi usada. As fatias tratadas com celulase permaneceram inalteradas em relação à cor. As fatias tratadas com pectinase apresentaram alterações significativas de cor, em comparação aos tratamentos-controle. Os pré-tratamentos enzimáticos estudados não alteraram as concentrações de betalaínas e apresentaram desempenho de secagem similar aos dos tratamentos-controle. O pré-tratamento com celulase é promissor, pois não altera a cor da beterraba nem a concentração de betalaína.<br/><br/><br/>Termos para indexação: pectinase, celulase, desidratação, enzimas, pigmentos. |
| 650 ## - ASSUNTO - THESAGRO | |
| Cabeçalho tópico ou nome geográfico | BETERRABA |
| 650 ## - ASSUNTO - THESAGRO | |
| Cabeçalho tópico ou nome geográfico | SECAGEM |
| 650 ## - ASSUNTO - THESAGRO | |
| Cabeçalho tópico ou nome geográfico | ENZIMA |
| 650 ## - ASSUNTO - THESAGRO | |
| Cabeçalho tópico ou nome geográfico | PIGMENTO |
| 650 ## - ASSUNTO - THESAGRO | |
| Cabeçalho tópico ou nome geográfico | TECNOLOGIA DE ALIMENTO |
| 773 0# - ENTRADA ANALÍTICA | |
| Host Biblionumber | 920 |
| Registro do item | 25804 |
| Imprenta | Brasília-DF Empresa Brasileira de Pesquisa Agropecuária - EMBRAPA 1966- |
| Outro identificador | 2023-436359 |
| Título | Pesquisa Agropecuária Brasileira (Brazil) |
| ISSN | 0100-204X |
| Colação | v. 58 p. 1-8; (2023) |
| Número de controle de registro | BR2024001151 |
| 856 ## - ACESSO E ENDEREÇO ELETRÔNICO | |
| Identificador uniforme de recurso - URI | https://www.scielo.br/j/pab/a/pqLWF8VwhJNdXQJTf6ZstsR/?format=pdf&lang=en |
Nenhum exemplar disponível.

BINAGRI